000 01419nam a2200229 a 4500
001 000988714
003 AM-YeHGA
005 20250617161230.0
008 131022s1968 ||||||||r|||||000|0|rus|d
040 _aAM-YeHGA
041 0 _arus
245 0 0 _aРаны :
_bМатериалы X Расширенного пленума Правления Общества хирургов Казахской ССР, посвященного 50-летию Великой Октябрьской социалистической революции, 25-28 мая 1966 г. /
_c[Редкол.: А.Н. Сызганов (отв. ред.) [и др.]]; МЗ КазССР, Казахский институт клинической и экспериментальной хирургии.
260 _aАлма-Ата :
_bНаука КазССР,
_c1968.
300 _a195 с. :
_bил. ;
_c25 см.
504 _aБиблиогр. в конце глав.
650 1 4 _aХирургия
700 1 _aСызганов, А.Н.
_eред.
_4edt
710 2 _aМинистерство здравоохранения КазССР
710 2 _aКазахский институт клинической и экспериментальной хирургии Расширенный пленум Правления Общества хирургов
711 2 _aКазахской ССР
_n(10 ;
_d1966 ;
_cКазахстан)
090 _c471011
999 _c467780
_d467780